| 000 | 00921nam a22001337a 4500 | ||
|---|---|---|---|
| 040 | _cRUA | ||
| 082 | _aVEM LYS 2015 B509 Or. | ||
| 100 | _aLY SAMNANG; លី សំណាង | ||
| 245 | _aSurvey on sow diseases after parturition to lactation period at oun sinat farm, doeum trang village, kandal steong district, kandal province; អង្កេតលើជំងឺមេជ្រូកក្រោយពេលសម្រាលរហូតដល់ផ្តាច់ដោះនៅក្នុងកសិដ្ឋាន លោក អូន សីុណាត ក្នុងភូមិដើមត្រាង ឃុំអន្លង់រមៀត ស្រុកកណ្ដាលស្ទឹង ខេត្តកណ្តាល | ||
| 260 |
_aPhnom Penh _bRUA _c2015 |
||
| 300 |
_aix;35p. _bill. _c29cm. |
||
| 856 | _uhttps://drive.google.com/file/d/1mEN50XQM8ljRk4SjQILgCRoGXaxc0D7H/view?usp=sharing | ||
| 942 | _cVEM | ||
| 999 |
_c8936 _d8936 |
||